Economics/ (Record no. 36016)

MARC details
000 -LEADER
fixed length control field 00462nam a22001817a 4500
005 - DATE AND TIME OF LATEST TRANSACTION
control field 20240702113735.0
008 - FIXED-LENGTH DATA ELEMENTS--GENERAL INFORMATION
fixed length control field 240702b |||||||| |||| 00| 0 eng d
020 ## - INTERNATIONAL STANDARD BOOK NUMBER
ISBN 0-673-47429-1
082 ## - DEWEY DECIMAL CLASSIFICATION NUMBER
Classification number 330
Item number BYR-E
100 ## - MAIN ENTRY--AUTHOR
Author Name Byrns, Ralph.T
245 ## - TITLE STATEMENT
Title Economics/
Statement of responsibility, etc. Ralph T.Byrns
250 ## - EDITION STATEMENT
Edition statement 4th ed.
260 ## - PUBLICATION, DISTRIBUTION, ETC.
Place of Publication USA;
Name of publisher, distributor, etc. Scott, Foresman company;
Date of publication, distribution, etc. 1989
300 ## - PHYSICAL DESCRIPTION
Pages 846 p.:
500 ## - GENERAL NOTE
General note Include subject index
650 ## - SUBJECT ADDED ENTRY--TOPICAL TERM
Subject / Department Economics
300 ## - PHYSICAL DESCRIPTION
-- 26 cm.
952 ## - LOCATION AND ITEM INFORMATION (KOHA)
-- 0
-- 0
Holdings
Lost status Damaged status Collection code Permanent Location Current Location Shelving Location Date acquired Full Call Number Accession No./Barcode Date last seen item type Koha item type
    Economics/Commerce Superior Information Resource Center (SIRC) Superior University - City Campus Superior Information Resource Center (SIRC) Superior University - City Campus Economics 07/02/2024 330 BYR-E 1989 2474 07/02/2024 BOOK BOOK

Powered by Koha